000
00277nam a2200109Ia 4500
005
20251222143313.0
008
251222s9999||||xx |||||||||||||| ||spa||
082
_a
351.88/J94/Ej.2
245
0
_a
La Justicia de Paz en Debate
264
_b
Instituto de Defensa Legal
942
_c
LIB
999
_c
15806
_d
15806